000 00402nam a2200145Ia 4500
008 230524s9999 xx 000 0 und d
082 _a1.42
_bMAD
100 _aC.Vasanta Madhavi
245 0 _aBusiness in Crisis: How to Conduct Business in a Crisis and Pull Out of It
260 _aNEW DELHI
_bTaxmann
_c2010
300 _a108
500 _aQuantity Number: 2
650 _aManagement
942 _cBK
999 _c49208
_d49208